000 00326nam a2200109Ia 4500
008 200302s9999 xx 000 0 und d
100 _aFleur Rossdale
245 _aClassic Meets Contemporary 12 top Designers Create Interiors for Today
260 _bRizzoli International Publications Inc.
260 _c1998
300 _a192 P.,
999 _c1013
_d1013